000 00723nam a2200241 a 4500
001 60553
003 BD-RjUL
005 20211209080846.0
008 170101s1961 ilu 001 0 eng c
035 _a(BD-RjUL)60677
040 _aBD-RjUL
_cBD-RjUL
_dBD-RjUL
_beng
041 _aeng
082 _223
_a387.70973
_bFRC 1961
100 1 _aFrederick, John H.
_q(John Hutchinson),
_d1896-
_9180342
245 1 0 _aCommercial air transportation /
_cby John H. Frederick.
250 _a5th ed.
260 _aHomewood, Ill.,
_bR.D. Irwin,
_c1961.
300 _a497 p. :
_bill. ;
_c24 cm.
500 _aIncludes index
650 0 _aAeronautics
_zUnited States
_xCommercial
_9180343
650 0 _aAirlines.
_9180344
942 _2ddc
_cBK
999 _c60553
_d60553